Polscy piłkarze w EA FC 26 - Statystyki

Ogólne statystyki
  • Ten quiz został rozwiązany 139 razy
  • Średni wynik to 74 z 312
Statystyki odpowiedzi
OCENA KLUB PIŁKARZ % Poprawnych
59 VFL WOLFSBURG Jakub Zieliński
100%
80 INTER MEDIOLAN Piotr Zieliński
100%
88 FC BARCELONA Robert Lewandowski
100%
84 FC BARCELONA Wojciech Szczęsny
100%
79 ASTON VILLA Matty Cash
97%
76 ATALANTA Nicola Zalewski
94%
79 JUVENTUS Arkadiusz Milik
93%
74 LEGIA WARSZAWA Damian Szymański
92%
79 BOLOGNA Łukasz Skorupski
92%
78 FENERBAHCE Sebastian Szymański
92%
79 VFL WOLFSBURG Kamil Grabara
90%
62 PIAST GLIWICE Karol Szymański
90%
74 FC KOLN Jakub Kamiński
89%
77 FC PORTO Jakub Kiwior
89%
63 POGOŃ SZCZECIN Krzysztof Kamiński
89%
68 WISŁA PŁOCK Marcin Kamiński
89%
62 KORONA KIELCE Wojciech Kamiński
89%
65 SPARTA ROTTERDAM Filip Bednarek
87%
73 FC PORTO Jan Bednarek
87%
75 FEYENOORD Jakub Moder
83%
73 PANATHINAIKOS Karol Świderski
82%
75 STADE RENNAIS Przemysław Frankowski
82%
76 PANATHINAIKOS Bartłomiej Drągowski
80%
74 POGOŃ SZCZECIN Kamil Grosicki
76%
63 JAGIELLONIA BIAŁYSTOK Oskar Pietuszewski
73%
72 LEGIA WARSZAWA Bartosz Kapustka
66%
75 PAOK SALONIKI Tomasz Kędziora
66%
73 UDINESE CALCIO Adam Buksa
65%
70 GAZIANTEP Kacper Kozłowski
63%
77 STADE BRESTOIS Radosław Majecki
63%
73 ATLANTA UNITED Bartosz Slisz
62%
68 GKS KATOWICE Bartosz Nowak
55%
67 LEGIA WARSZAWA Kacper Tobiasz
55%
71 SPEZIA Przemysław Wiśniewski
55%
64 WISŁA PŁOCK Wiktor Nowak
55%
70 STRASBOURG Maxi Oyedele
54%
63 ZAGŁĘBIE LUBIN Marek Mróz
52%
64 LEGIA WARSZAWA Artur Jędrzejczyk
51%
72 RIO AVE Cezary Miszta
51%
68 LEGIA WARSZAWA Kacper Urbański
51%
62 LEGIA WARSZAWA Wojciech Urbański
51%
72 LECH POZNAŃ Bartosz Mrozek
48%
71 CRACOVIA Mateusz Klich
48%
70 KAA GENT Michał Skóraś
48%
71 JAGIELLONIA BIAŁYSTOK Taras Romanczuk
48%
71 LECH POZNAŃ Antoni Kozubal
46%
69 UDINESE CALCIO Jakub Piotrowski
46%
70 LEGIA WARSZAWA Paweł Wszołek
46%
71 LEGIA WARSZAWA Kamil Piątkowski
45%
68 GKS KATOWICE Mateusz Kowalczyk
45%
72 LECH POZNAŃ Mateusz Skrzypczak
45%
68 HOUSTON DYNAMO Sebastian Kowalczyk
45%
62 POGOŃ SZCZECIN Jakub Lis
44%
65 AS ROMA Jan Ziółkowski
44%
73 GOZTEPE Mateusz Lis
44%
71 US SASSUOLO Sebastian Walukiewicz
44%
72 HERTHA BERLIN Dawid Kownacki
42%
70 LEICESTER CITY Jakub Stolarczyk
42%
70 HERTHA BERLIN Michał Karbownik
42%
69 HOLSTEIN KIEL Tymoteusz Puchacz
42%
69 OXFORD UNITED Przemysław Płacheta
41%
71 PARMA CALCIO Adrian Benedyczak
39%
65 ARKA GDYNIA Dawid Abramowicz
39%
69 QARABAG FK Mateusz Kochalski
39%
68 LECH POZNAŃ Michał Gurgul
39%
69 JAGIELLONIA BIAŁYSTOK Sławomir Abramowicz
39%
70 LECH POZNAŃ Radosław Murawski
37%
68 FC ST. PAULI Arkadiusz Pyrka
35%
71 RAKÓW CZĘSTOCHOWA Kacper Trelowski
35%
65 CRACOVIA Kamil Glik
35%
73 KOCAELISPOR Karol Linetty
35%
68 LEGIA WARSZAWA Arkadiusz Reca
34%
72 WEST BROMWICH ALBION Krystian Bielik
34%
70 OXFORD UNITED Michał Helik
34%
69 JAGIELLONIA BIAŁYSTOK Bartłomiej Wdowik
32%
65 WISŁA PŁOCK Dominik Kun
32%
68 ANTALYASPOR Jakub Kałuziński
32%
68 LEGIA WARSZAWA Kacper Chodyna
32%
62 ZAGŁĘBIE LUBIN Marcel Reguła
32%
72 KOCAELISPOR Mateusz Wieteska
32%
67 LEGIA WARSZAWA Patryk Kun
32%
69 MOTOR LUBLIN Bartosz Wolski
31%
63 BRUK-BET TERMALICA NIECIECZA Maciej Wolski
31%
69 RAKÓW CZĘSTOCHOWA Oskar Repka
31%
67 LEGIA WARSZAWA Rafał Augustyniak
31%
67 RADOMIAK RADOM Rafał Wolski
31%
69 SPEZIA Szymon Żurkowski
31%
64 STURM GRAZ Filip Rózga
30%
69 WIDZEW ŁÓDŹ Mariusz Fornalczyk
30%
69 RAKÓW CZĘSTOCHOWA Michael Ameyaw
30%
63 RAKÓW CZĘSTOCHOWA Oliwier Zych
30%
68 FC ST. PAULI Adam Dźwigała
28%
68 RAKÓW CZĘSTOCHOWA Ariel Mosór
28%
68 ZAGŁĘBIE LUBIN Damian Dąbrowski
28%
70 FC CINCINNATI Dominik Marczuk
28%
65 MOTOR LUBLIN Filip Wójcik
28%
64 LEGIA WARSZAWA Gabriel Kobylak
28%
62 CRACOVIA Oskar Wójcik
28%
69 LECH POZNAŃ Robert Gumny
28%
67 GKS KATOWICE Alan Czerwiński
27%
67 LECH POZNAŃ Filip Jagiełło
27%
69 PIAST GLIWICE Jakub Czerwiński
27%
69 GÓRNIK ZABRZE Jarosław Kubicki
27%
61 LECH POZNAŃ Wojciech Mońka
27%
68 US LECCE Filip Marchwiński
25%
56 LEGIA WARSZAWA Jakub Żewłakow
25%
69 RADOMIAK RADOM Jan Grzesik
25%
66 MOTOR LUBLIN Karol Czubak
25%
70 OH LEUVEN Łukasz Łakomy
25%
64 RAKÓW CZĘSTOCHOWA Patryk Makuch
25%
68 GÓRNIK ZABRZE Rafał Janicki
25%
69 RAKÓW CZĘSTOCHOWA Tomasz Pieńko
25%
69 RAKÓW CZĘSTOCHOWA Karol Struski
24%
69 HANNOVER 96 Maik Nawrocki
24%
68 SC HEERENVEEN Paweł Bochniewicz
24%
67 EXCELSIOR Szymon Włodarczyk
24%
66 WIDZEW ŁÓDŹ Bartłomiej Pawłowski
23%
67 JAGIELLONIA BIAŁYSTOK Norbert Wojtuszek
23%
68 PIAST GLIWICE Patryk Dziczek
23%
66 MOTOR LUBLIN Filip Luberecki
21%
67 PALERMO Patryk Peda
21%
66 WIDZEW ŁÓDŹ Rafał Gikiewicz
21%
67 WIDZEW ŁÓDŹ Sebastian Bergier
21%
68 GKS KATOWICE Arkadiusz Jędrych
20%
55 JAGIELLONIA BIAŁYSTOK Bartosz Mazurek
20%
68 CARRARESE CALCIO Bartosz Salamon
20%
65 CHARLEROI Filip Szymczak
20%
64 GÓRNIK ZABRZE Marcel Łubik
20%
68 WIDZEW ŁÓDŹ Mateusz Żyro
20%
66 POGOŃ SZCZECIN Adrian Przyborek
18%
60 MOTOR LUBLIN Bright Ede
18%
67 GÓRNIK ZABRZE Kryspin Szcześniak
18%
65 GKS KATOWICE Lukas Klemenz
18%
68 PIAST GLIWICE Michał Chrapek
18%
66 GENCLERBIRLIGI Michał Nalepa
18%
63 ZAGŁĘBIE LUBIN Michał Nalepa
18%
66 FC TWENTE Przemysław Tytoń
18%
65 WISŁA PŁOCK Rafał Leszczyński
18%
66 KORONA KIELCE Dawid Błanik
17%
66 ZAGŁĘBIE LUBIN Dominik Hładun
17%
68 SV ELVERSBERG Łukasz Poręba+
17%
64 WIDZEW ŁÓDŹ Marcel Krajewski
17%
67 ZAGŁĘBIE LUBIN Mateusz Wdowiak
17%
63 BRUK-BET TERMALICA NIECIECZA Igor Strzałek
15%
66 ZAGŁĘBIE LUBIN Kajetan Szmyt
15%
66 WIDZEW ŁÓDŹ Maciej Kikolski
15%
68 FC GRONINGEN Oskar Zawada
15%
64 MOTOR LUBLIN Paweł Stolarski
15%
64 SV DARMSTADT 98 Bartosz Białek
14%
65 ZAGŁĘBIE LUBIN Filip Kocaba
14%
66 PIAST GLIWICE Igor Drapiński
14%
53 BURTON ALBION Kamil Dudek
14%
61 LECH POZNAŃ Kornel Lisman
14%
52 WIDZEW ŁÓDŹ Leon Madej
14%
67 CRACOVIA Mateusz Praszelik
14%
53 LEGIA WARSZAWA Pascal Mozie
14%
63 GÓRNIK ZABRZE Tomasz Loska
14%
56 NEW YORK RED BULLS Wiktor Bogacz
14%
65 KORONA KIELCE Xavier Dziekoński
14%
66 GKS KATOWICE Adrian Błąd
13%
68 NAC BREDA Daniel Bielica
13%
64 JAGIELLONIA BIAŁYSTOK Dawid Drachal
13%
65 RADOMIAK RADOM Filip Majchrowicz
13%
68 PIAST GLIWICE Grzegorz Tomasiewicz
13%
59 ARKA GDYNIA Kamil Jakubczyk
13%
65 WISŁA PŁOCK Łukasz Sekulski
13%
56 LEGIA WARSZAWA Marcel Mendes-Dudziński
13%
68 GKS KATOWICE Marcin Wasielewski
13%
64 SHEFFIELD WEDNESDAY Olaf Kobacki
13%
65 GÓRNIK ZABRZE Paweł Olkowski
13%
67 BRUK-BET TERMALICA NIECIECZA Rafał Kurzawa
13%
67 CRACOVIA Sebastian Madejski
13%
63 WIDZEW ŁÓDŹ Szymon Czyż
13%
64 BRUK-BET TERMALICA NIECIECZA Bartosz Kopacz
11%
61 MAGDEBURG Dariusz Stalmach
11%
67 VFL OSNABRUCK David Kopacz
11%
62 FC KOPENHAGA Dominik Sarapata
11%
62 ZAGŁĘBIE LUBIN Hubert Adamczyk
11%
65 ZAGŁĘBIE LUBIN Igor Orlikowski
11%
63 LECHIA GDAŃSK Kacper Sezonienko
11%
65 GÓRNIK ZABRZE Kamil Lukoszek
11%
64 GKS KATOWICE Maciej Rosołek
11%
59 LECH POZNAŃ Mateusz Pruchniewski
11%
64 ARKA GDYNIA Michał Marcjanik
11%
62 JAGIELLONIA BIAŁYSTOK Miłosz Piekutowski
11%
68 SAMSUNSPOR Albert Posiadała
10%
68 ZAGŁĘBIE LUBIN Aleks Ławniczak
10%
63 JAGIELLONIA BIAŁYSTOK Cezary Polak
10%
68 GKS KATOWICE Dawid Kudła
10%
56 CRACOVIA Dawid Polak
10%
58 PIAST GLIWICE Jakub Lewicki
10%
62 LECH POZNAŃ Krzysztof Bąkowski
10%
64 BRUK-BET TERMALICA NIECIECZA Maciej Ambrosiewicz
10%
65 RADOMIAK RADOM Mateusz Cichocki
10%
66 MOTOR LUBLIN Michał Król
10%
65 CRACOVIA Michał Rakoczy
10%
68 FC SEUL Patryk Klimala
10%
64 AS ROMA Radosław Żelazny
10%
61 GKS KATOWICE Rafał Strączek
10%
64 ZAGŁĘBIE LUBIN Tomasz Makowski
10%
61 BRUK-BET TERMALICA NIECIECZA Andrzej Trubeha
8%
63 KORONA KIELCE Bartłomiej Smolarczyk
8%
66 ZAGŁĘBIE LUBIN Damian Michalski
8%
65 ARKA GDYNIA Damian Węglarz
8%
65 LECHIA GDAŃSK Dawid Kurminowski
8%
66 CRACOVIA Dominik Piła
8%
58 GKS KATOWICE Filip Rejczyk
8%
65 MOTOR LUBLIN Jakub Łabojko
8%
63 POGOŃ SZCZECIN Kacper Smoliński
8%
63 BRUK-BET TERMALICA NIECIECZA Kamil Zapolnik
8%
65 GKS KATOWICE Marcel Wędrychowski
8%
67 ULSAN HD FC Miłosz Trojak
8%
64 GKS KATOWICE Sebastian Milewski
8%
61 PIAST GLIWICE Tomasz Mokwa
8%
63 LECHIA GDAŃSK Tomasz Wójtowicz
8%
66 MOTOR LUBLIN Arkadiusz Najemski
7%
56 WISŁA PŁOCK Bartosz Borowski
7%
58 CF MONTREAL Dawid Bugaj
7%
63 ARKA GDYNIA Dawid Gojny
7%
60 1. FC NURNBERG Eryk Grzywacz
7%
62 PIAST GLIWICE Filip Borowski
7%
63 POGOŃ SZCZECIN Jan Biegański
7%
60 ARKA GDYNIA Jędrzej Grobelny
7%
61 VFB STUTTGART II Jordan Majchrzak
7%
64 BRUK-BET TERMALICA NIECIECZA Krzysztof Kubica
7%
68 FORTUNA DUSSELDORF Marcel Lotka
7%
64 RADOMIAK RADOM Michał Kaput
7%
65 KORONA KIELCE Rafał Mamla
7%
64 LECHIA GDAŃSK Szymon Weirauch
7%
65 LECHIA GDAŃSK Tomasz Neugebauer
7%
66 KORONA KIELCE Wiktor Długosz
7%
55 GKS KATOWICE Alan Bród
6%
60 ZAGŁĘBIE LUBIN Arkadiusz Woźniak
6%
64 BRUK-BET TERMALICA NIECIECZA Damian Hilbrycht
6%
53 FC DALLAS Daniel Baran
6%
51 PIAST GLIWICE Dawid Rychta
6%
63 GÓRNIK ZABRZE Dominik Szala
6%
67 MACARTHUR FC Filip Kurto
6%
62 GKS KATOWICE Grzegorz Rogala
6%
54 WIDZEW ŁÓDŹ Jan Krzywański
6%
65 POGOŃ SZCZECIN Kacper Kostorz
6%
63 WIDZEW ŁÓDŹ Kamil Cybulski
6%
65 KILMARNOCK Maksymilian Stryjek
6%
66 KORONA KIELCE Marcel Pięczek
6%
62 JAGIELLONIA BIAŁYSTOK Marcin Listkowski
6%
56 ZAGŁĘBIE LUBIN Mateusz Dziewiatowski
6%
63 BRUK-BET TERMALICA NIECIECZA Miłosz Mleczko
6%
56 PIAST GLIWICE Oskar Leśniak
6%
54 ZAGŁĘBIE LUBIN Adam Matysek
4%
63 ZAGŁĘBIE LUBIN Adam Radwański
4%
65 GKS KATOWICE Aleksander Paluszek
4%
62 BRUK-BET TERMALICA NIECIECZA Arkadiusz Kasperkiewicz
4%
64 LECHIA GDAŃSK Bartłomiej Kłudka
4%
56 ZAGŁĘBIE LUBIN Cyprian Popielec
4%
60 ARKA GDYNIA Dawid Kocyła
4%
59 BRUK-BET TERMALICA NIECIECZA Dominik Biniek
4%
65 KORONA KIELCE Jakub Budnicki
4%
60 ZAGŁĘBIE LUBIN Jakub Kolan
4%
63 RAKÓW CZĘSTOCHOWA Jakub Mądrzyk
4%
64 ZAGŁĘBIE LUBIN Jakub Sypek
4%
62 BOHEMIANS Kacper Chorążka
4%
64 MOTOR LUBLIN Kacper Karasek
4%
64 CRACOVIA Karol Knap
4%
53 KORONA KIELCE Konrad Ciszek
4%
63 KORONA KIELCE Konrad Matuszewski
4%
63 MOTOR LUBLIN Krystian Palacz
4%
61 FCV DENDER EH Krzysztof Koton
4%
53 POGOŃ SZCZECIN Maciej Wojciechowski
4%
63 ZAGŁĘBIE LUBIN Mateusz Grzybek
4%
55 PIAST GLIWICE Mateusz Kopczyński
4%
62 GKS KATOWICE Mateusz Marzec
4%
62 LECHIA GDAŃSK Michał Głogowski
4%
62 POGOŃ SZCZECIN Patryk Paryzek
4%
53 GKS KATOWICE Patryk Szczuka
4%
62 WISŁA PŁOCK Piotr Krawczyk
4%
58 RADOMIAK RADOM Wiktor Koptas
4%
60 LECH POZNAŃ Bartłomiej Barański
3%
62 CRACOVIA Bartosz Biedrzycki
3%
59 GKS KATOWICE Bartosz Jaroszek
3%
62 OGC NICE Bartosz Żelazowski
3%
64 KORONA KIELCE Hubert Zwoźny
3%
63 GKS KATOWICE Jakub Łukowski
3%
63 BRISTOL ROVERS Kacper Łopata
3%
64 GKS KATOWICE Kacper Łukasiak
3%
59 WATERFORD Kacper Radkowski
3%
64 GKS KATOWICE Konrad Gruszkowski
3%
63 GÓRNIK ZABRZE Maksymilian Pingot
3%
52 RADOMIAK RADOM Michał Jerke
3%
64 LECHIA GDAŃSK Miłosz Kałahur
3%
61 KORONA KIELCE Nikodem Niski
3%
59 PIAST GLIWICE Szczepan Mucha
3%
58 BRUK-BET TERMALICA NIECIECZA Wojciech Jakubik
3%
55 JAGIELLONIA BIAŁYSTOK Bartłomiej Żynel
1%
60 WISŁA PŁOCK Fabian Hiszpański
1%
56 WISŁA PŁOCK Jakub Burek
1%
52 CRACOVIA Konrad Golonka
1%
56 PIAST GLIWICE Levis Pitan
1%
58 ARKA GDYNIA Marcel Predenkiewicz
1%
51 KORONA KIELCE Michał Niedbała
1%
59 KORONA KIELCE Miłosz Strzeboński
1%
62 GÓRNIK ZABRZE Natan Dzięgielewski
1%
60 ARKA GDYNIA Przemysław Stolc
1%
58 1. FC NURNBERG Robin Lisewski
1%
55 WISŁA PŁOCK Stanisław Pruszkowski
1%
63 ARKA GDYNIA Szymon Sobczak
1%
63 SC VERL Dominik Steczyk
0%
62 MSV DUISBURG Jan-Simon Symalla
0%
52 ZAGŁĘBIE LUBIN Kamil Nowogoński
0%
61 WISŁA PŁOCK Krystian Pomorski
0%
54 KORONA KIELCE Mateusz Głowiński
0%
56 BRUK-BET TERMALICA NIECIECZA Noah Mrosek
0%
56 ZAGŁĘBIE LUBIN Patryk Kusztal
0%
Nie znaleziono quizów pasujących do podanych kryteriów
Rozkład punktacji
Procent ludzi z każdym wynikiem
Percentyl według liczby udzielonych odpowiedzi
Twoja historia wyników
Nie rozwiązałeś tego quizu